Hubert et Jean Van Eyck / (Record no. 58397)

MARC details
000 -LEADER
campo de control de longitud fija 00594nam a2200193 i 4500
001 - NÚMERO DE CONTROL
campo de control 58397
003 - IDENTIFICADOR DE NÚMERO DE CONTROL
campo de control ES-MaACL
005 - FECHA Y HORA DE LA ÚLTIMA TRANSACCIÓN
campo de control 20251012212309.0
007 - CAMPO FIJO DE DESCRIPCIÓN FÍSICA--INFORMACIÓN GENERAL
campo de control de longitud fija t|
008 - DATOS DE LONGITUD FIJA--INFORMACIÓN GENERAL
campo de control de longitud fija 031022s1910 be af |||| |bfre d
100 1# - ENTRADA PRINCIPAL--NOMBRE DE PERSONA
Nombre de persona Durand-Grèville, E.
9 (RLIN) 46267
245 10 - MENCIÓN DEL TÍTULO
Título Hubert et Jean Van Eyck /
Mención de responsabilidad, etc. E. Durand-Grèville.
260 ## - PUBLICACIÓN, DISTRIBUCIÓN, ETC.
Lugar de publicación, distribución, etc. Bruxelles :
Nombre del editor, distribuidor, etc. [s.n.,
Fecha de publicación, distribución, etc. 1910] (
Fabricante Imp. J. E. Buschmaun)
300 ## - DESCRIPCIÓN FÍSICA
Extensión 192 p., 77 lám. ;
Dimensiones 28 cm.
600 17 - PUNTO DE ACCESO ADICIONAL DE MATERIA--NOMBRE DE PERSONA
Nombre de persona Eyck, Hubert van,
Fechas asociadas al nombre 1366-1426
Fuente del encabezamiento o término
9 (RLIN) 150509
600 17 - PUNTO DE ACCESO ADICIONAL DE MATERIA--NOMBRE DE PERSONA
Nombre de persona Eyck, Jan van,
Fechas asociadas al nombre 1390-1440
Fuente del encabezamiento o término
9 (RLIN) 150508
852 ## - LOCALIZACIÓN
Ubicación ES-MaACL
Número de control de estantería F-295
Holdings
Estatus retirado Estado de pérdida Estado de daño No para préstamo Biblioteca de origen Biblioteca actual Ubicación en estantería Fecha de adquisición Fuente de adquisición Total de préstamos Signatura topográfica completa Código de barras Visto por última vez Precio de reemplazo Tipo de ítem Koha
        Biblioteca del Ateneo de Madrid Biblioteca del Ateneo de Madrid Depósito 2 17/01/2008     F-295 1061276 23/02/2023 23/02/2023 Libro impreso